000 00753nam a22002057a 4500
008 160917b xxu||||| |||| 00| 0 eng d
020 _a0-07-246836-X
020 _a0071198598
082 _22003
_aDC 519.5
_bM64i
100 _914795
_aMilton, J. Susan
245 _aIntroduction to probability and statistics:
_bprinciples and applications for engineering and the computing sciences/
_cJ. Susan Milton, Jesse C. Arnold.
250 _a4th edition
260 _aNew York:
_bMcGraw-Hill,
_cc2003.
300 _axx, 798 pages:
_billustrations;
_c23 cm.
500 _aIncludes bibliographical references and index.
650 0 _914796
_aProbabilities
650 0 _914797
_aStatistics
700 _914798
_aArnold, Jesse C.
_eAuthor
942 _2ddc
_cDC
999 _c4632
_d4632